书目信息 |
| 题名: |
超级杂交中稻节氮丰产栽培原理及关键技术研究
|
|
| 作者: | 龙继锐 , 李建武 著 | |
| 分册: | ||
| 出版信息: | 长沙 湖南科学技术出版社 2022.01 |
|
| 页数: | 162页 | |
| 开本: | 24cm | |
| 丛书名: | ||
| 单 册: | ||
| 中图分类: | S511.3 | |
| 科图分类: | ||
| 主题词: | 杂交--za jiao--中稻--水稻栽培--高产栽培--研究 | |
| 电子资源: | ||
| ISBN: | 978-7-5710-1022-5 | |
| 000 | 01283nam0 2200253 450 | |
| 001 | CAL 0120227368667 | |
| 005 | 20230217093112.0 | |
| 010 | @a978-7-5710-1022-5@dCNY68.00 | |
| 100 | @a20220331d2022 em y0chiy0120 ea | |
| 101 | 0 | @achi |
| 102 | @aCN@b430000 | |
| 105 | @aa a 000yy | |
| 106 | @ar | |
| 200 | 1 | @a超级杂交中稻节氮丰产栽培原理及关键技术研究@Achao ji za jiao zhong dao jie dan feng chan zai pei yuan li ji guan jian ji shu yan jiu@f龙继锐, 李建武著 |
| 210 | @a长沙@c湖南科学技术出版社@d2022.01 | |
| 215 | @a162页@c图@d24cm | |
| 320 | @a有书目 (第158-160页) | |
| 330 | @a本书是对超级杂交稻一季稻节氮丰产栽培技术的生理生态, 调控技术的探索。主要介绍了湖南省超级杂交一季稻产量和氮肥施用现状概述, 超级杂交中籼稻高效利用基因型差异比较与筛选, 不同基因型超级杂交中稻氮吸收利用差异比较与评价, 不同肥料品种的氮素利用效率差异评价与筛选, 节氮栽培的群体发育、产量形成、氮肥吸收利用和土壤环境效应, 超级杂交中稻节氮栽培生理生化特性, 超级稻节氮栽培的生理生态基础和节氮潜力, 水稻节氮栽培的研究与实践, 超级杂交中稻节氮高效栽培关键技术研究等内容。 | |
| 606 | 0 | @a杂交@Aza jiao@x中稻@x水稻栽培@x高产栽培@x研究 |
| 690 | @aS511.3@v5 | |
| 701 | 0 | @a龙继锐@Along ji rui@4著 |
| 701 | 0 | @a李建武@Ali jian wu@4著 |
| 801 | 0 | @aCN@bBJXHZP@c20230228 |
| 905 | @b1396376-9@dS511.3@e138@f4 | |
| 超级杂交中稻节氮丰产栽培原理及关键技术研究/龙继锐, 李建武著.-长沙:湖南科学技术出版社,2022.01 |
| 162页:图;24cm |
| ISBN 978-7-5710-1022-5:CNY68.00 |
| 本书是对超级杂交稻一季稻节氮丰产栽培技术的生理生态, 调控技术的探索。主要介绍了湖南省超级杂交一季稻产量和氮肥施用现状概述, 超级杂交中籼稻高效利用基因型差异比较与筛选, 不同基因型超级杂交中稻氮吸收利用差异比较与评价, 不同肥料品种的氮素利用效率差异评价与筛选, 节氮栽培的群体发育、产量形成、氮肥吸收利用和土壤环境效应, 超级杂交中稻节氮栽培生理生化特性, 超级稻节氮栽培的生理生态基础和节氮潜力, 水稻节氮栽培的研究与实践, 超级杂交中稻节氮高效栽培关键技术研究等内容。 |
| ● |
| 相关链接 |
|
|
|
|
正题名:超级杂交中稻节氮丰产栽培原理及关键技术研究
索取号:S511.3/138
 
预约/预借
| 序号 | 登录号 | 条形码 | 馆藏地/架位号 | 状态 | 备注 |
| 1 | 1396376 | 213963763 | 第二样本阅览室/ [索取号:S511.3/138] | 在馆 | |
| 2 | 1396377 | 213963772 | 第三借阅区/ [索取号:S511.3/138] | 在馆 | |
| 3 | 1396378 | 213963781 | 第三借阅区/ [索取号:S511.3/138] | 在馆 | |
| 4 | 1396379 | 213963790 | 第三借阅区/ [索取号:S511.3/138] | 在馆 |